| 000 | 01046nam a2200313 a 4500 | ||
|---|---|---|---|
| 001 | 37626 | ||
| 003 | BD-RjUL | ||
| 005 | 20211209052629.0 | ||
| 008 | 150204s2002 njua b 001 0 eng | ||
| 020 | _a0805831762 (cloth : alk. paper) | ||
| 020 | _a0805831770 (pbk.) | ||
| 035 | _a(BD-RjUL)37730 | ||
| 040 |
_aDLC _cDLC _dDLC _dBD-RjUL _beng |
||
| 041 | _aeng | ||
| 082 | 0 | 0 |
_a613 _221 _bPUB 2002 |
| 245 | 0 | 0 |
_aPublic health communication : _bevidence for behavior change / _cedited by Robert C. Hornik. |
| 260 |
_aMahwah, N.J. : _bL. Erlbaum Associates, _c2002. |
||
| 300 |
_axv, 435 p. : _bill. ; _c24 cm. |
||
| 504 | _aIncludes bibliographical references and indexes. | ||
| 650 | 0 |
_aMass media in health education. _9115693 |
|
| 650 | 0 |
_aCommunication in public health. _9115694 |
|
| 650 | 0 |
_aHealth promotion. _9115695 |
|
| 650 | 0 |
_aHealth in mass media. _9115696 |
|
| 700 | 1 |
_aHornik, Robert C. _9115697 |
|
| 942 |
_2ddc _cBK |
||
| 999 |
_c37626 _d37626 |
||